00441 2200157 4500001002100000008004100021035002000062245004700082100001900129260004500148300002700193020002200220084001800242082001100260990001200271INLIS000000000001409 Ind  a0010-0924000006 aEnsiklopedia Desa PerkebunancA. Yugantara aYugantara., A. aJakartabPT. Educarindo Compumediac2016 a136 hlm.c17,5 x 25 cm a978-979-3901-81-7 a630.203 YUG e a630203 a0750910